000 01304nam a2200265Ia 4500
003 OSt
005 20220930094815.0
006 a|||||r|||| 00| 0
007 ta
008 220926b |||||||| |||| 00| 0 hin d
024 _a19660
037 _cTheses
040 _aCRL
_cCRL
_bhin
041 _2hin
_ahin
100 _aनरेश कुमार
110 _aदिल्ली विश्वविद्यालय. कला संकाय. संस्कृत विभाग
_9556337
245 0 _aश्रीसिद्धहेमशब्दानुशासन और अष्टाध्यायी के तिद्धतों का तुलनात्मक अध्ययन
246 _aShrīsiddhahemashabdānushāsan aur aṣhṭādhyāyī ke tiddhatoan kā tulanātmak adhyayana
260 _c2013
650 _aसंस्कृत साहित्य
700 _a डॉ. पतंजलि कुमार भाटिया, गा.
_9556338
700 _aदिल्ली विश्वविद्यालय. कला संकाय. संस्कृत विभाग
_9556339
942 _cDIS
_2CC
999 _c887708
_d887708